Quiz dla wykształconych - Statystyki

Ogólne statystyki
  • Ten quiz został rozwiązany 50 razy
  • Średni wynik to 6 z 15
Statystyki odpowiedzi
Wskazówka Odpowiedź % Poprawnych
Rok, w którym Polska odzyskała niepodległość 1918
92%
Proces, w którym rośliny produkują tlen Fotosynteza
87%
Ilość stref czasowych w Rosji 11
76%
Nazwisko braci, którzy wynaleźli samolot Wright
71%
Pierwiastek chemiczny z symbolem W Wolfram
53%
Państwo, w którym znajduje się najwyższy wodospad na świecie Wenezuela
47%
Faraon, który zlecił budowę Wielkiej Piramidy w Gizie Cheops
39%
Filozof, mentor Aleksandra Wielkiego Arystoteles
37%
Król Polski, który abdykował w 1572 roku Henryk Walezy
37%
Tajna policja w ZSRR NKWD
34%
Instrument muzyczny znany jako ,,król instrumentów" Organy
21%
Stolica/siedziba Bermudów Hamilton
13%
Najstarszy język świata Sumerian
13%
Typ skał, w którym znajdują się węgiel i ropa naftowa Skały osadowe
11%
Najmniejsza jednostka miary czasu w systemie SI Planck Time
5%
Nie znaleziono quizów pasujących do podanych kryteriów
Rozkład punktacji
Procent ludzi z każdym wynikiem
Percentyl według liczby udzielonych odpowiedzi
Twoja historia wyników
Nie rozwiązałeś tego quizu